El artc̕ulo 12 de la Convencin̤ de Derechos de Personas con Discapacidad

Bibliographic Details
Main Author: Castro-Girona Martn̕ez, Jos ̌Luis
Format: eBook
Language:Spanish
Published: Madrid: Editorial Universitaria Ramn̤ Areces, 2021
Subjects:
Online Access:Acceso restringido

MARC

LEADER 00000nam a22000007a 4500
005 20220322210717.0
007 cr|||| ||||
008 220322s2021 ea |||||s|||| 00||0 spa d
020 |a 978-84-9961-306-2 
035 |a 35683 
040 |a vLex 
090 |c 13074  |d 13074 
100 1 |a Castro-Girona Martn̕ez, Jos ̌Luis 
245 1 2 |a  El artc̕ulo 12 de la Convencin̤ de Derechos de Personas con Discapacidad  |h [Recurso electrn̤ico] /  |c Jos ̌Luis Castro-Girona Martn̕ez 
256 |a Servicio en ln̕ea 
260 |a Madrid:  |b Editorial Universitaria Ramn̤ Areces,  |c 2021 
300 |a 1 recurso electrn̤ico 
506 1 |a Disponible solo en los productos indicados  |d vLex Global  |d vLex Global (Academic Edition, excluding Law Schools)  |d vLex Global (U.S. Academic Edition, Law Schools)  |d vLex Global (U.S. Academic Edition, excluding Law Schools)  |d vLex Global (Academic Edition, Law Schools) 
650 0 4 |a Derecho Internacional  |z Espaą 
740 0 |a vLex Libros (Servicio en ln̕ea) 
856 4 0 |u https://app.vlex.com/#/sources/35683  |z Acceso restringido 
942 |c BOOK 
999 0 |a International right